000 00871nam a2200253Ia 4500
003 OSt
005 20221005112627.0
006 a|||||r|||| 00| 0
007 ta
008 221004b |||||||| |||| 00| 0 pan d
020 _c200
024 _a116976
037 _b577, 04/02/2012, H.K. Prakashan
_cTextual
040 _aCRL
_cCRL
_bpan
041 _2pan
_apan
082 _aO153,3:g, P3
100 _aਢੀ੍ਵਡਸਾ, ਮਾਨ ਸਿੰਘ
245 0 _aਪੰਜਾਬੀ ਨਾਵਲ
_b ਪਰੰਪਰਾ ਅਤੇ ਪ੍ਰਵਾਹ
260 _aਜਲੰਧਰ
_bfਵ ਪ੍ਰ0 ਭਾਰਤ
_c2003
300 _a208 ਪੰ0
_ccm.
650 _aਪੰਜਾਬੀ ਸਾਹਿਤ
942 _hO153,3:g, P3
_cTEXL
_2cc
999 _c1025451
_d1025451